[Event "POL-chT3 Dolnoslaskie 1617"]
[Site "Poland"]
[Date "2016.12.11"]
[Round "4.21"]
[White "Szewczyk, Jacek"]
[Black "Daniel, Damian"]
[Result "0-1"]
[WhiteElo "2102"]
[BlackElo "2024"]
[PlyCount "70"]
[EventDate "2016.10.16"]
[EventType "team-tourn"]
[EventRounds "11"]
[EventCountry "POL"]
[SourceTitle "EXT 2018"]
[Source "ChessBase"]
[SourceDate "2017.10.13"]
[SourceVersion "1"]
[SourceVersionDate "2017.10.13"]
[SourceQuality "1"]

1. d4 f5 2. e4 fxe4 3. Nc3 Nf6 4. Bg5 c6 5. f3 exf3 6. Nxf3 d6 7. Bd3 Bg4 8. h3 Bh5 9. Qd2 Nbd7 10. Ne2 Bf7 11. Bh4 e5 12. Ng5 Bg8 13. Bf5 Qe7 14. 0-0-0 0-0-0 15. dxe5 dxe5 16. Ne4 Be6 17. Bxe6 Qxe6 18. Qa5 a6 19. N2c3 Be7 20. Bg3 h6 21. Rhe1 Rhe8 22. b3 Bf8 23. Na4 Nxe4 24. Rxe4 Bd6 25. Re3 Bc7 26. Qc3 Qf5 27. Kb1 Re7 28. Re2 Rde8 29. Nb2 Nf6 30. Qc4 Nd5 31. Nd3 e4 32. Bxc7 Kxc7 33. Nc5 Kb8 34. Rde1 e3 35. Qd4 Qf4 0-1